000 01393cam a22004094i 4500
003 PE-LiUPU
005 20250731173127.0
008 150623s r 000 0 d
035 _a(Sirsi) a26174
040 _aPE-LiUPU
_bspa
_cPE-LiUPU
_erda
082 0 4 _a266.67
_bR71
_221
100 1 _aRobinson, Virgil E.,
_eautor.
245 1 0 _aOnly in Africa /
_cVirgil E. Robinson.
264 1 _aWashington, D.C. :
_bReview and Herald Publishing Association,
_c1965.
300 _a160 páginas :
_bilustraciones fotos, gráficos ;
_c22 cm.
336 _atext
_2rdacontent
337 _aunmediated
_2rdamedia
338 _avolume
_2rdacarrier
505 0 _aPure adventure. Heathenism. Delivered. Fidelity. Lessons.
526 _aSEG42
526 _aSEG41
526 _aSEG40
526 _aSEG39
526 _aP94
526 _aP87
526 _aP86
526 _aP85
526 _aP77
526 _aP76
526 _aP35
650 0 4 _aMisiones
_zAfrica.
942 _2ddc
_cBOOK
949 _a266.67 R71
_wDEWEY
_c1
_i51455
_lCCODEBUL1
_mBUL
_p15.00
_r0
_sY
_tBOOK
_u2015-06-24
_xTEOLOGIA
_PP35
_0COMPRA
_o.STAFF. Colección General
596 _a1
999 _a266.67 R71
_wDEWEY
_c33176
_i51455
_f2021-11-10
_g5
_lCCODEBUL1
_mBUL
_p15.00
_r0
_sY
_tBOOK
_u2015-6-24
_xTEOLOGIA
_PP35
_0COMPRA
_o.STAFF. Colección General
_d33176
980 _81
_gALBERTO SANCHEZ Responsable de Automatización